zpět

Detail výsledku týmu

Pizza-Doma ST, Plzeň

Datum a čas kvízu

30.5 Celkem bodů Celkový počet nahraných bodů na tomto kvízu bez doplňovacích otázek.
4. Pořadí na kvízu Konečné umístění týmu na tomto kvízu.

Zaznamenané odpovědi

# Otázka Odpověď Body Výsledky
1. Tzv. Turistická sjezdovka na K... splašky 1
2. V pondělí jsme se dozvěděli o... Starbucks 1
3. Minulý týden jsme se dozvěděli... o akvadukt 1
4. Americká společnost Alphabet,... Wiz 0
5. Uveďte název zimního střediska... Svatý Mořic/St. Moritz; paralelní obří slalom 1
6. Podíváme se na temné stránky d... A) Diviš Bořek z Miletínka 0
7. Doba pobělohorská znamenala zá... Obnovené zřízení zemské 0
8. První světová válka znamenala... Osmanská říše 1
9. V období tzv. Protektorátu se... František Fajtl 1
10. Seřaďte tyto komunistické prez... 1B 2A 3C 4D 0